| 000 | 00449nam a22001697a 4500 | ||
|---|---|---|---|
| 005 | 20210303145815.0 | ||
| 008 | Español | ||
| 041 | _aspa | ||
| 082 | _aTU 121 | ||
| 100 |
_aRobles Fallas, Pablo Alexander _959834 |
||
| 245 | _aInforme de práctica supervisada realizada en Ecole Travel Operador | ||
| 260 | _c2018 | ||
| 300 | _a17 páginas | ||
| 650 |
_aCOSTA RICA _959835 |
||
| 650 |
_aAGENCIAS ECOLE TRAVEL TOUR OPERADORA _959836 |
||
| 942 | _cIP | ||
| 999 |
_c12934 _d12934 |
||